000 00402nam a22001577a 4500
005 20251108175609.0
008 250721s9999 xx 000 0 eng d
082 1 4 _aJ/F/BEN
245 1 0 _aBENNY'S RED CAP /
264 1 _aDELHI :
_bMANOJ PUBLICATIONS,
300 _a24P.
650 1 7 _aFiction
653 _aاطفال مرحلة متوسطة(6-9) سنوات
942 _2ddc
_cBK
999 _c137877
_d137877